000 00682nam a2200181Ia 4500
008 100917s9999 xx 000 0 und d
082 _b32196
100 _aजोशी व. कृ.
245 _aहॅलो ! मी इन्स्पेक्टर प्रधान बोलतोय
260 _bप्रेस्टिज प्रकाशन
300 _a140
365 _b12
520 _aकथा
630 _aहॅलो ! मी इन्स्पेक्टर प्रधान बोलतोय
650 _aकथा
730 _aहॅलो ! मी इन्स्पेक्टर प्रधान बोलतोय
942 _cBOOK
999 _c637590
_d637587